00842nam a2200181Ia 4500100003500000942000700035654002000042245003700062260002800099082001900127546001200146999001700158952009700175952009700272952009700369952009700466952009700563 aKulkarni/ A.D./ Barapte/ R.A.  cBK aEngg. materials aEngg. materials and Components bTechnovaaChemburc1999 a621.3bKUL/BAR aENGLISH c19906d19906 001040708CRCaCRCEbCRCEd2023-03-17l0o621.3 KUL/BARp11253r2023-03-17w2023-03-17yBK 001040708CRCaCRCEbCRCEd2023-03-17l0o621.3 KUL/BARp11254r2023-03-17w2023-03-17yBK 001040708CRCaCRCEbCRCEd2023-03-17l0o621.3 KUL/BARp11255r2023-03-17w2023-03-17yBK 001040708CRCaCRCEbCRCEd2023-03-17l0o621.3 KUL/BARp11256r2023-03-17w2023-03-17yBK 001040708CRCaCRCEbCRCEd2023-03-17l0o621.3 KUL/BARp11257r2023-03-17w2023-03-17yBK